| 000 | 00661cam a2200241 4500 | ||
|---|---|---|---|
| 008 | 000000n2000 000 0 eng u | ||
| 020 | _a1860813879 | ||
| 035 | _a(Sirsi) u107903 | ||
| 041 | _aeng | ||
| 050 | _a697.92 | ||
| 100 | _aStephen, R. K. | ||
| 110 | _aBuilding Research Establishment | ||
| 245 | _aPositive input ventilation in dwellings | ||
| 260 |
_aLondon _bConstruction Research Communications Ltd _c2000 |
||
| 300 | _a8p. : ill. ; 30cm. | ||
| 350 | _a0 | ||
| 490 |
_aBRE Information Paper _vIP 12/00 |
||
| 650 | _aCOOLING | ||
| 650 | _aHUMIDITY | ||
| 650 | _aVENTILATION SYSTEMS | ||
| 690 |
_aBlock management _96220 |
||
| 942 | _n0 | ||
| 999 |
_c100730 _d100730 |
||